| LEADER | 00000cam a22000007a 4500 | ||
|---|---|---|---|
| 001 | 23587 | ||
| 003 | CZ-ZlUTB | ||
| 005 | 20190825234525.0 | ||
| 008 | 050503s2005 xr frf 000 0 cze d | ||
| 020 | |a 8024710951 |q (brož.) | ||
| 040 | |a ZLD002 |b cze |c ZLD002 |d ZLD002 | ||
| 072 | 7 | |a 658 |x Řízení a správa podniku |2 Konspekt |9 4 | |
| 080 | |a (035) |2 MRF | ||
| 080 | |a 658.114:004.738 |2 MRF | ||
| 080 | |a 139.138 |2 MRF | ||
| 080 | |a 658.8:004.738.5 |2 MRF | ||
| 100 | 1 | |a Blažková, Martina, |d 1975- |7 ola2003201014 |4 aut | |
| 245 | 1 | 0 | |a Jak využít internet v marketingu : |b krok za krokem k vyšší konkurenceschopnosti / |c Martina Blažková |
| 250 | |a 1. vyd. | ||
| 260 | |a Praha : |b Grada, |c 2005 | ||
| 300 | |a 156 s. : |b il. | ||
| 490 | 1 | |a Manažer | |
| 504 | |a Obsahuje bibliografii | ||
| 650 | 0 | 7 | |a elektronický obchod |7 ph119896 |2 czenas |
| 650 | 0 | 7 | |a internetový marketing |7 ph137251 |2 czenas |
| 650 | 0 | 7 | |a marketing |7 ph115227 |2 czenas |
| 655 | 7 | |a příručky |7 fd133209 |2 czenas | |
| 830 | 0 | |a Manažer | |
| 910 | |a ZLD002 | ||
| 952 | |0 0 |1 0 |4 0 |6 339138BLAŽKOVÁM |7 0 |8 BOOK |9 43610 |a UTBZL |b UTBZL |c 005 |d 2006-07-29 |l 1 |o 339.138/BLAŽKOVÁ,M. |p 420010092066 |r 2019-08-25 00:00:00 |v 189.00 |w 2019-08-25 |x N:nákup | 20100831 |y 01 | ||
| 952 | |0 0 |1 0 |4 0 |6 339138BLAŽKOVÁM |7 0 |8 BOOK |9 43611 |a UTBZL |b UTBZL |c 006 |d 2006-07-29 |l 44 |m 8 |o 339.138/BLAŽKOVÁ,M. |p 420010091702 |r 2025-03-11 00:00:00 |s 2024-12-17 |v 189.00 |w 2019-08-25 |x N:nákup | 20100831 |y 04 | ||
| 952 | |0 0 |1 0 |4 0 |6 339138BLAŽKOVÁM |7 0 |8 BOOK |9 43613 |a UTBZL |b UTBZL |c 006 |d 2006-07-29 |l 57 |m 6 |o 339.138/BLAŽKOVÁ,M. |p 420010092068 |r 2025-09-09 00:00:00 |s 2025-06-27 |v 189.00 |w 2019-08-25 |x N:nákup | 20100831 |y 04 | ||
| 952 | |0 0 |1 0 |4 0 |6 339138BLAŽKOVÁM |7 0 |8 BOOK |9 43614 |a UTBZL |b UTBZL |c 006 |d 2006-07-29 |l 54 |m 5 |o 339.138/BLAŽKOVÁ,M. |p 420010092069 |r 2025-03-18 00:00:00 |s 2025-02-13 |v 189.00 |w 2019-08-25 |x N:nákup |y 04 | ||
| 952 | |0 0 |1 0 |4 0 |6 339138BLAŽKOVÁM |7 0 |8 BOOK |9 43615 |a UTBZL |b UTBZL |c 006 |d 2006-07-29 |l 48 |m 2 |o 339.138/BLAŽKOVÁ,M. |p 420010097287 |r 2024-10-03 00:00:00 |s 2022-12-06 |v 189.00 |w 2019-08-25 |x N:nákup | 20100831 |y 04 | ||
| 952 | |0 0 |1 0 |4 0 |6 339138BLAŽKOVÁM |7 0 |8 BOOK |9 43616 |a UTBZL |b UTBZL |c 006 |d 2006-07-29 |l 56 |m 2 |o 339.138/BLAŽKOVÁ,M. |p 420010099509 |r 2021-11-09 00:00:00 |s 2021-10-16 |v 189.00 |w 2019-08-25 |x N:nákup | 20100831 |y 04 | ||
| 952 | |0 0 |1 0 |4 0 |6 339138BLAŽKOVÁM |7 0 |8 BOOK |9 43617 |a UTBZL |b UTBZL |c 006 |d 2006-07-29 |l 51 |m 6 |o 339.138/BLAŽKOVÁ,M. |p 420010099510 |r 2024-01-26 00:00:00 |s 2024-01-25 |v 189.00 |w 2019-08-25 |x N:nákup |y 04 | ||
| 952 | |0 0 |1 0 |4 0 |6 339138BLAŽKOVÁM |7 0 |8 BOOK |9 43618 |a UTBZL |b UTBZL |c 006 |d 2006-07-29 |l 57 |m 4 |o 339.138/BLAŽKOVÁ,M. |p 420010099511 |r 2023-12-11 00:00:00 |s 2023-11-11 |v 189.00 |w 2019-08-25 |x N:nákup | 20100831 |y 04 | ||
| 952 | |0 0 |1 0 |4 0 |6 339138BLAŽKOVÁM |7 0 |8 BOOK |9 43619 |a UTBZL |b UTBZL |c 006 |d 2006-07-29 |l 59 |m 6 |o 339.138/BLAŽKOVÁ,M. |p 420010099512 |r 2026-03-12 17:48:29 |s 2026-02-10 |v 189.00 |w 2019-08-25 |x N:nákup | 20100831 |y 04 | ||
| 952 | |0 0 |1 0 |4 0 |6 339138BLAŽKOVÁM |7 0 |8 BOOK |9 43620 |a UTBZL |b UTBZL |c 010 |d 2006-07-29 |l 0 |o 339.138/BLAŽKOVÁ,M. |p 420010090907 |q 2099-12-31 |r 2019-08-25 00:00:00 |v 189.00 |w 2019-08-25 |x N:nákup | 20100430 |y 08 | ||
| 952 | |0 0 |1 0 |4 0 |6 339138BLAŽKOVÁM |7 0 |8 BOOK |9 43622 |a UTBZL |b UTBZL |c 010 |d 2006-10-06 |l 2 |m 2 |o 339.138/BLAŽKOVÁ,M. |p 420010103161 |q 2028-12-21 |r 2019-11-20 00:00:00 |s 2019-11-20 |v 189.00 |w 2019-08-25 |x N:nákup | 20100430 |y 08 | ||
| 952 | |0 0 |1 0 |4 0 |6 339138BLAŽKOVÁM |7 0 |8 BOOK |9 43623 |a UTBZL |b UTBZL |c 006 |d 2006-07-29 |l 1 |m 2 |o 339.138/BLAŽKOVÁ,M. |p 420010096236 |r 2025-12-11 11:59:59 |s 2025-10-13 |v 189.00 |w 2019-08-25 |x N:nákup; Převod FMK: Králíková, K., 26.4.2023 | 20100920 |y 04 | ||
| 992 | |a BK |b SK |d 406 | ||
| 999 | |c 23587 |d 23587 | ||